|
|
|
|
| LEADER |
00000naa a2200000 a 4500 |
| 003 |
Ucuenca |
| 005 |
20230308154149.0 |
| 008 |
010060| ||||||||r|||||||||||spa|| |
| 040 |
|
|
|b spa
|
| 041 |
1 |
|
|a spa
|
| 082 |
0 |
|
|a 741.2
|
| 245 |
1 |
1 |
|a Máquinas y herramientas de dibujo
|c JCoordinador Juan José Gómez Molina, Manuel Barbero, Lino Cabezas, Miguel Copón, José Gómez Isla, Alfred Kavanagh, Juan Martín Prada, Eva Moraga, Antonio Rabazas, Eduardo Zamarro
|h imp
|
| 264 |
|
|
|a Madrid
|b Ediciones Cátedra
|c 2002
|
| 300 |
|
|
|a 657 páginas:
|b ilu
|c 23 cm
|
| 504 |
|
|
|a incl. ref.
|
| 520 |
3 |
|
|a Contiene: maquinas de dibujos, de la emulsión al pixel, el dibujo y el diagrama, el medio artístico, la retórica digital, etc
|
| 650 |
|
|
|a Dibujo
|9 2149
|
| 650 |
|
0 |
|a Tecnología de los combustibles
|9 1283
|
| 650 |
|
|
|a Arte moderno
|9 2151
|
| 650 |
|
0 |
|a Técnicas de dibujo
|9 2152
|
| 650 |
|
|
|a Retorica digital
|9 2153
|
| 650 |
|
|
|a Dibujo y diagrama
|9 2154
|
| 700 |
1 |
|
|a Barbero, Manuel.
|9 195719
|
| 700 |
1 |
|
|a Gómez Molina, Juan José.
|d 1943-2007
|e coordinador
|9 124171
|
| 700 |
1 |
|
|a Cabezas, Lino
|9 195720
|
| 852 |
|
|
|a UC-YANUNCAY
|f Compra
|l 1
|m General
|p 20100603
|q 44,42
|r 2
|t A3365
|b 0
|d CDRY
|e CDRY
|g 741.2 SALA 2 ARTES
|z 2010-00-60
|
| 942 |
|
|
|c BK
|z esthela.durán@ucuenca.edu.ec
|
| 999 |
|
|
|c 834
|d 834
|